Právo sociálního zabezpečení

Gespeichert in:
Bibliographische Detailangaben
1. Verfasser: Hůrka, Petr
Weitere Verfasser: Komendová, Jana, Stránský, Jaroslav
Format: Buch
Sprache:Tschechisch
Veröffentlicht: Plzeň Vydavatelství a nakladatelství Aleš Čeněk 2023
Schlagworte:
Tags: Tag hinzufügen
Keine Tags, Fügen Sie das erste Tag hinzu!

MARC

LEADER 00000nam a2200000 4500
001 0310870
005 20250725103416.1
020 |a 978-80-7380-912-6 
041 0 |a cze 
044 |a CZ 
245 1 0 |a Právo sociálního zabezpečení  |c P. Hůrka ... [et al.] 
264 1 |a Plzeň  |b Vydavatelství a nakladatelství Aleš Čeněk  |c 2023 
300 |a 338 s. 
610 2 0 |a zabezpečenie sociálne 
610 2 0 |a právo sociálne 
610 2 0 |a politika sociálna 
610 2 0 |a poistenie zdravotné 
610 2 0 |a poistenie nemocenské 
610 2 0 |a poistenie dôchodkové 
610 2 0 |a podpora štátna 
610 2 0 |a pomoc sociálna 
610 2 0 |a podpory v nezamestnanosti 
610 2 0 |a Česko 
610 2 0 |a Európska únia 
100 1 |a Hůrka, Petr 
700 1 |a Komendová, Jana 
700 1 |a Stránský, Jaroslav